Statistics for Chess World Champions

Click here to take the quiz!

General Stats

  • This quiz has been taken 62 times
  • The average score is 19 of 33

Answer Stats

HintAnswer% Correct
PCA 1993–2000Garry Kasparov
96%
1985–1993Garry Kasparov
96%
2007–2013Viswanathan Anand
92%
FIDE 2000–2002Viswanathan Anand
92%
1972–1975Bobby Fischer
90%
FIDE 1993–1999Anatoly Karpov
88%
1975–1985Anatoly Karpov
88%
2013-presentMagnus Carlsen
88%
2006–2007Vladimir Kramnik
79%
PCA 2000–2006Vladimir Kramnik
79%
1921–1927José Raúl Capablanca
77%
1960–1961Mikhail Tal
71%
1969–1972Boris Spassky
69%
1961–1963Mikhail Botvinnik
63%
1958–1960Mikhail Botvinnik
63%
1948–1957Mikhail Botvinnik
63%
1866-1894Wilhelm Steinitz
63%
1937–1946Alexander Alekhine
60%
1927–1935Alexander Alekhine
60%
1894–1921Emanuel Lasker
58%
1858-1861Paul Morphy
54%
1935–1937Max Euwe
52%
1963–1969Tigran Petrosian
52%
FIDE 2005-2006Veselin Topalov
52%
1957–1958Vasily Smyslov
44%
FIDE 2002–2004Ruslan Ponomariov
29%
1861-1866Adolf Anderssen
19%
1851-1858Adolf Anderssen
19%
1747-1795François-André Philidor
19%
FIDE 1999–2000Alexander Khalifman
17%
1843-1851Howard Staunton
17%
FIDE 2004–2005Rustam Kasimdzhanov
17%
1824-1840Louis Charles de La Bourdonnais
8%

Score Distribution

Percentile by Number Answered

Percent of People with Each Score

Your Score History

You have not taken this quiz